书目信息 |
| 题名: |
马列主义论科学的预见
|
|
| 作者: | 列昂诺夫 著 ;李良民 译 | |
| 分册: | ||
| 出版信息: | 上海书报联合发行所 |
|
| 页数: | 122页 | |
| 开本: | 19cm | |
| 丛书名: | ||
| 单 册: | ||
| 中图分类: | A269.3 | |
| 科图分类: | ||
| 主题词: | 列宁著作--专题汇编 | |
| 电子资源: | ||
| ISBN: | ||
| 000 | 00601nam0 2200193 450 | |
| 001 | 0662398359 | |
| 005 | 20060726172152.40 | |
| 010 | @dCNY0.24 | |
| 100 | @a20060726d km y0chiy0120 ea | |
| 101 | 0 | @achi@crus |
| 200 | 1 | @a马列主义论科学的预见@Ama lie zhu yi lun ke xue de yu jian@f(苏)列昂诺夫著@F(su)lie ang nuo fu zhu@g李良民译@Gli liang min yi |
| 210 | @c上海书报联合发行所 | |
| 215 | @a122页@d19cm | |
| 606 | 0 | @a列宁著作@x专题汇编 |
| 690 | @aA269.3@v3 | |
| 701 | 0 | @a列昂诺夫@Alie ang nuo fu@4著 |
| 702 | 0 | @a李良民@Ali liang min@4译 |
| 801 | 0 | @aCN@bPFT@c20060726 |
| 905 | @a10447@dA269.3@e100 | |
| 马列主义论科学的预见/(苏)列昂诺夫著/李良民译.-上海书报联合发行所 |
| 122页;19cm |
| ISBN :CNY0.24 |
| ● |
| 相关链接 |
|
|
|
|
正题名:马列主义论科学的预见
索取号:A269.3/100
 
预约/预借
| 序号 | 登录号 | 条形码 | 馆藏地/架位号 | 状态 | 备注 |
| 1 | 0439807 | 204398071 | 密集书库/ [索取号:A269.3/100] | 在馆 |